Výskyt ortuti vo vybraných potravinách

Bibliographic Details
Main Authors: Palušová, Oľga (Author), Ursínyová, Mária (Author)
Format: Article
Language:Slovak
PhysicalDescription:Sch. 1.
Subjects:

MARC

LEADER 00000nab a2200000 a 4500
001 vtls000303309
003 SK-MaSNL
005 20260304010829.0
008 230120c1988 xo 0 slo
015 |a SNBRB19rr/mm-uuuuu 
035 |a CL0313428 
035 |a urn:nbn:sk:snk-ab6w2x 
035 |a (uuid)4df15f52-f907-4baf-8704-a6c02fd469ca 
035 |a (urnnbn)urn:nbn:sk:snk:ar-a061uq 
035 |a (sysno)vtls000303309 
040 |a SNKBUCL  |b slo  |c SNKBUCL  |e AACR2 
041 0 |a slo 
044 |a xo  |c SK 
080 |a 663.9:546.49  |2 1981 
080 |a 546.49  |2 1981 
100 1 |a Palušová, Oľga  |4 aut  |9 1117374 
245 1 0 |a Výskyt ortuti vo vybraných potravinách  |c Oľga Palušová, Mária Ursínyová 
300 |b Sch. 1. 
650 0 7 |a potraviny  |2 snkbucl  |9 1614 
650 0 7 |a ortuť  |2 snkbucl  |9 17663 
655 7 |a články z novín a časopisov  |2 snkbucl  |9 267496 
700 1 |a Ursínyová, Mária  |4 aut  |9 1288995 
773 0 |t Výživa a zdravie  |g Roč. 33, č. 1 (1988), s. 9-10 
850 |a Slovenská národná knižnica v Martine  |a MTA001 
852 |a SNK  |b KIS3GCP 
954 |a odborná, vedecká literatúra pôvodná (slovenská)  |2 lita 
958 |a RK 
958 |a OND 
958 |a EUIPO 
958 |a article27 
992 |a RBX 
999 |c 2563137  |d 2565067